000 00537nam a2200229Ia 4500
003 OSt
005 20231030093649.0
008 210210b xxu||||| |||| 00| 0 eng d
040 _cAL
041 _aeng
082 _a514/54
100 _aKAR (J M)
_9139871
245 _aNew analytical solid geometry
260 _aCalcutta
_b-
650 _asolid
_9139872
650 _aNew
_9139873
650 _ageometry
_9139874
650 _aanalytical
_9139875
690 _aAnalytical Geometry
_9139876
906 _a007500
942 _2ddc
_cBK
999 _c139994
_d139994